[Event "Eastpointe (EDO/2/13)"]
[Site "?"]
[Date "1993.??.??"]
[Round "?"]
[White "Dangremond, Leonard"]
[Black "Smeckert, Dennis"]
[Result "1-0"]
[WhiteElo "2025"]
[BlackElo "1605"]
[PlyCount "31"]
[EventDate "1993.??.??"]

{2/(13)} 1. e4 e5 2. Nf3 Nc6 3. Bb5 f5 4. d3 fxe4 5. dxe4 Nf6 6. O-O d6 7. Nc3
a6 8. Bc4 Na5 9. Be2 Be6 10. Ng5 Qd7 11. Nxe6 Qxe6 12. Be3 Be7 13. Nd5 Bd8 14.
Nxf6+ Qxf6 15. f4 O-O 16. Qd5+ 1-0

[Event "Troy (TCC/X/3/6)"]
[Site "?"]
[Date "1993.??.??"]
[Round "?"]
[White "Dangremond, Leonard"]
[Black "Rahm, S."]
[Result "1-0"]
[WhiteElo "2025"]
[BlackElo "2080"]
[PlyCount "69"]
[EventDate "1993.??.??"]

{3/(6)} 1. e4 c5 2. Nf3 Nc6 3. d4 cxd4 4. Nxd4 Nf6 5. Nc3 e5 6. Ndb5 d6 7. Nd5
Nxd5 8. exd5 Ne7 9. c4 f5 10. Qa4 Kf7 11. Bd2 Ng6 12. Be2 Bd7 13. Qc2 Be7 14.
Bb4 Qb8 15. O-O a6 16. Nc3 Nf4 17. Rfe1 Rf8 18. Rad1 Kg8 19. Bf1 b5 20. Rxe5
Rf7 21. Re3 a5 22. Ne2 Nxg2 23. Bxg2 axb4 24. c5 Rxa2 25. c6 Bc8 26. Nd4 f4 27.
Re4 Bg4 28. Rde1 Ra7 29. f3 Bh5 30. Qe2 Bg6 31. Re6 Qb6 32. Qf2 Bf6 33. Re8+
Rf8 34. Rxf8+ Kxf8 35. Ne6+ 1-0

[Event "Troy (TCC/X/2/8)"]
[Site "?"]
[Date "1993.??.??"]
[Round "?"]
[White "Dangremond, Leonard"]
[Black "Profit, Brian"]
[Result "1/2-1/2"]
[WhiteElo "2025"]
[BlackElo "2080"]
[PlyCount "42"]
[EventDate "1993.??.??"]

{2/(8)} 1. e4 e6 2. d4 d5 3. Nd2 c5 4. exd5 Qxd5 5. Ngf3 cxd4 6. Bc4 Qd6 7. O-O
Nf6 8. Nb3 Nc6 9. Nbxd4 Nxd4 10. Qxd4 Qxd4 11. Nxd4 Bd7 12. Re1 Be7 13. Bg5 O-O
14. Rad1 Rfd8 15. h3 h6 16. Bh4 a6 17. Nf5 Kf8 18. Nxe7 Kxe7 19. Rd2 Bc6 20.
Red1 Rxd2 21. Bxf6+ Kxf6 1/2-1/2

[Event "Flint (Class A/3)"]
[Site "?"]
[Date "1993.??.??"]
[Round "?"]
[White "Dangremond, Leonard"]
[Black "Marshall, Larry"]
[Result "1-0"]
[WhiteElo "1955"]
[BlackElo "1905"]
[PlyCount "49"]
[EventDate "1993.??.??"]

1. e4 e6 2. d4 d5 3. Nd2 a6 4. Ngf3 Nf6 5. e5 Nfd7 6. c3 Be7 7. Bd3 O-O 8. b4
f6 9. exf6 Bxf6 10. O-O e5 11. dxe5 Nxe5 12. Nxe5 Bxe5 13. Qh5 Re8 14. Bxh7+
Kf8 15. Bg6 Re6 16. Nf3 Bxc3 17. Qh8+ Ke7 18. Bg5+ Bf6 19. Qxg7+ Kd6 20. Bf4+
Kc6 21. Rac1+ Kb5 22. Nd4+ Bxd4 23. Bd3+ Ka4 24. Qxd4 Nc6 25. Bc2+ 1-0

[Event "Troy (TCC/X/5/3)"]
[Site "?"]
[Date "1993.??.??"]
[Round "?"]
[White "Dangremond, Leonard"]
[Black "Jirjis, Faris"]
[Result "0-1"]
[WhiteElo "2025"]
[BlackElo "2130"]
[PlyCount "106"]
[EventDate "1993.??.??"]

{5/(3)} 1. e4 e5 2. Nf3 Nf6 3. Nc3 Bb4 4. a3 Bxc3 5. dxc3 Nc6 6. Bc4 d6 7. O-O
Be6 8. Bd3 h6 9. Re1 Qe7 10. Qe2 g5 11. Be3 g4 12. Nd2 h5 13. b4 h4 14. a4 Nh5
15. g3 hxg3 16. fxg3 f6 17. Rf1 Qh7 18. Qg2 Ke7 19. a5 a6 20. b5 axb5 21. Bxb5
Nxa5 22. Bd3 Nc6 23. Rab1 b6 24. Nc4 Na5 25. Na3 Nb7 26. Nb5 Rhc8 27. c4 Nc5
28. Nc3 Nxd3 29. cxd3 Ra3 30. Qb2 Rca8 31. Rf2 Qg8 32. Qc2 Qc8 33. Nd5+ Bxd5
34. cxd5 Ra2 35. Qxa2 Rxa2 36. Rxa2 Ng7 37. Ra7 Kf8 38. Rc1 Ne8 39. Bxb6 Qb8
40. Be3 Qb3 41. Kf2 Qb2+ 42. Kg1 Qe2 43. Bh6+ Kf7 44. Raa1 Kg6 45. Re1 Qxd3 46.
Rad1 Qf3 47. Bc1 Ng7 48. Rd2 Qc3 49. Rde2 f5 50. exf5+ Nxf5 51. Re4 Kh5 52.
R4e2 Nd4 53. Re3 Qc2 0-1

[Event "Eastpointe (MI Action/1/2)"]
[Site "?"]
[Date "1993.??.??"]
[Round "?"]
[White "Dane, C."]
[Black "Tsemekhman, Vadim"]
[Result "0-1"]
[WhiteElo "1630"]
[BlackElo "2430"]
[PlyCount "36"]
[EventDate "1993.??.??"]

{1/(2)} 1. e4 e6 2. d4 d5 3. Nc3 Nf6 4. e5 Nfd7 5. f4 c5 6. Nf3 Nc6 7. Be3 Qb6
8. Rb1 cxd4 9. Nxd4 Bc5 10. Nce2 O-O 11. c3 a5 12. Qd3 Ncxe5 13. fxe5 Nxe5 14.
Qd2 Nc4 15. Qc1 e5 16. b3 Nxe3 17. Qxe3 exd4 18. cxd4 Bb4+ 0-1

[Event "Eastpointe (MI Action/5/22)"]
[Site "?"]
[Date "1993.??.??"]
[Round "?"]
[White "Dane, C."]
[Black "Gilbert, J."]
[Result "1-0"]
[WhiteElo "1630"]
[BlackElo "1605"]
[PlyCount "115"]
[EventDate "1993.??.??"]

{5/(22)} 1. e4 e5 2. Nf3 Nc6 3. Bc4 f6 4. d4 exd4 5. Nxd4 Nxd4 6. Qxd4 Qe7 7.
Nc3 Nh6 8. Bxh6 gxh6 9. Nd5 Qd6 10. Nxf6+ Ke7 11. Qxd6+ cxd6 12. O-O-O Kxf6 13.
Rd5 b6 14. Rf5+ Ke7 15. Bd5 Rb8 16. Rf7+ Ke8 17. Re1 Bb7 18. Re3 Kd8 19. Ref3
Bxd5 20. exd5 Ke8 21. c4 Rc8 22. b3 b5 23. R7f4 Bg7 24. Re4+ Kd8 25. Rf7 Be5
26. f4 Bc3 27. Kc2 Be1 28. Rxe1 h5 29. Kc3 Rg8 30. g3 h6 31. Ree7 Rc7 32. Rg7
Rxg7 33. Rxg7 Ke8 34. f5 Kf8 35. f6 a6 36. Rg6 Kf7 37. Rxh6 a5 38. Rxh5 Kxf6
39. g4 Kg6 40. h4 Rc8 41. Kd3 bxc4+ 42. bxc4 Rf8 43. Ke3 Rf7 44. Rh8 Rh7 45.
Rxh7 Kxh7 46. Kf4 a4 47. Kf5 a3 48. h5 Kh6 49. Kf6 Kh7 50. g5 Kh8 51. g6 Kg8
52. h6 Kh8 53. Ke7 Kg8 54. Kxd7 Kh8 55. Kxd6 Kg8 56. Ke7 Kh8 57. d6 Kg8 58. d7
1-0

[Event "Eastpointe (MI Action/2/16)"]
[Site "?"]
[Date "1993.??.??"]
[Round "?"]
[White "Dane, C."]
[Black "Davis, Victor"]
[Result "0-1"]
[WhiteElo "1630"]
[BlackElo "1605"]
[PlyCount "72"]
[EventDate "1993.??.??"]

{2/(16)} 1. e4 d6 2. d4 Nf6 3. f3 g6 4. Be3 Bg7 5. c4 O-O 6. Nc3 c5 7. d5 Na6
8. a3 Nc7 9. Bd3 a6 10. Nge2 Bd7 11. a4 a5 12. Nb5 Na6 13. Qd2 Nb4 14. Nec3 Ne8
15. O-O b6 16. Bb1 Bxb5 17. Nxb5 Nc7 18. Nxc7 Qxc7 19. Ra3 Qd7 20. Bh6 Bd4+ 21.
Be3 Bg7 22. Rd1 Rfd8 23. Kf1 e6 24. dxe6 Qxe6 25. Bf4 Qxc4+ 26. Ke1 Rd7 27.
Bxd6 Be5 28. Bd3 Nxd3+ 29. Rxd3 Rad8 30. b3 Qb4 31. Qxb4 cxb4 32. Bc7 Rxd3 33.
Bxd8 Bc3+ 34. Ke2 Rxd1 35. Kxd1 Bd4 36. Ke2 Kf8 0-1

[Event "Eastpointe (MI Action/3/22)"]
[Site "?"]
[Date "1993.??.??"]
[Round "?"]
[White "Dane, C."]
[Black "Aldrich, Justin"]
[Result "1-0"]
[WhiteElo "1630"]
[BlackElo "1605"]
[PlyCount "127"]
[EventDate "1993.??.??"]

{3/(22)} 1. e4 e5 2. Nf3 Nc6 3. Bc4 Be7 4. d4 exd4 5. Nxd4 Nxd4 6. Qxd4 Bf6 7.
Qd5 Qe7 8. f4 g6 9. e5 Bg7 10. O-O c6 11. Qd3 b6 12. Nc3 Bb7 13. Bd2 Rd8 14.
Ne4 d5 15. Nd6+ Kf8 16. Bb3 Nh6 17. Bc3 c5 18. Bxd5 Bxd5 19. Qxd5 Ng4 20. h3
Ne3 21. Qd2 Nxf1 22. Rxf1 Bh6 23. Qd5 Rd7 24. f5 Be3+ 25. Kh1 g5 26. Rf3 Bf4
27. g3 Rxd6 28. Qxd6 Qxd6 29. exd6 Bxd6 30. Bxh8 Be7 31. Re3 f6 32. g4 Bd8 33.
Re6 Kg8 34. Bxf6 Bxf6 35. Rxf6 Kg7 36. Re6 b5 37. Re7+ Kf6 38. Rxh7 a5 39. Rc7
c4 40. Rc5 b4 41. Rxc4 Ke5 42. Kg2 Kd5 43. Rc8 a4 44. Kf3 b3 45. cxb3 axb3 46.
axb3 Ke5 47. Ke3 Kf6 48. Rg8 Kf7 49. Rxg5 Kf6 50. h4 Ke5 51. b4 Kd6 52. Kd4 Ke7
53. Kd5 Kf7 54. b5 Ke7 55. Kc6 Kd8 56. b6 Ke8 57. Kc7 Ke7 58. b7 Kf7 59. b8=Q
Ke7 60. Qd8+ Kf7 61. Qd7+ Kf8 62. Qd6+ Kf7 63. Qe6+ Kf8 64. Rg8# 1-0

[Event "East Lansing (MI Op/2/24)"]
[Site "?"]
[Date "1993.??.??"]
[Round "?"]
[White "Czuhai, Kevin"]
[Black "Ward, Tim"]
[Result "1-0"]
[WhiteElo "2235"]
[BlackElo "1900"]
[PlyCount "81"]
[EventDate "1993.??.??"]

{2/(24)} 1. e4 e6 2. d4 d5 3. e5 c5 4. c3 Nc6 5. Nf3 Bd7 6. a3 c4 7. g3 Nge7 8.
Bh3 Ng6 9. O-O Be7 10. Nbd2 O-O 11. Ne1 b5 12. f4 a5 13. Ng2 b4 14. Kh1 bxc3
15. bxc3 a4 16. Ne3 f5 17. exf6 Bxf6 18. f5 exf5 19. Nxd5 Be6 20. Nxf6+ Rxf6
21. Nf3 h6 22. Bg2 Bd5 23. Rb1 Qa5 24. Bd2 Be4 25. Rb2 Rb8 26. Rxb8+ Nxb8 27.
Ne1 Bxg2+ 28. Nxg2 Nc6 29. Qe2 Qd5 30. Kg1 Re6 31. Ne3 Na5 32. Qh5 Rxe3 33.
Bxe3 Qe4 34. Qxg6 Qxe3+ 35. Kg2 Qxc3 36. Qe6+ Kh8 37. Qc8+ Kh7 38. Qxf5+ Kh8
39. Rf3 Qb2+ 40. Kh3 Qb6 41. Qd5 1-0

[Event "East Lansing (MI Op/5/9)"]
[Site "?"]
[Date "1993.??.??"]
[Round "?"]
[White "Czuhai, Kevin"]
[Black "Walker, Douglas"]
[Result "1-0"]
[WhiteElo "2235"]
[BlackElo "1915"]
[PlyCount "37"]
[EventDate "1993.??.??"]

{5/(9)} 1. d4 Nf6 2. Bg5 e6 3. e4 Be7 4. e5 Nd5 5. Bd2 d6 6. c4 Nb6 7. Qg4 dxe5
8. dxe5 Kf8 9. Nc3 Nc6 10. Nf3 Qe8 11. O-O-O a6 12. h4 Nd7 13. Qf4 Bc5 14. Ne4
Kg8 15. Nxc5 Nxc5 16. Rh3 Ne7 17. Be3 b6 18. Ng5 Ng6 19. Rd8 1-0

[Event "East Lansing (MI Op/4/16)"]
[Site "?"]
[Date "1993.??.??"]
[Round "?"]
[White "Czuhai, Kevin"]
[Black "Taylor, E."]
[Result "1-0"]
[WhiteElo "2235"]
[BlackElo "1950"]
[PlyCount "84"]
[EventDate "1993.??.??"]

{4/(16)} 1. d4 Nf6 2. Bg5 e6 3. Nc3 d5 4. e4 Be7 5. e5 Ng8 6. Be3 Nh6 7. Bd3
Nf5 8. Bxf5 exf5 9. Qf3 Be6 10. Nge2 c6 11. O-O-O Na6 12. Kb1 Qa5 13. h4 O-O-O
14. Bg5 Rde8 15. Bxe7 Rxe7 16. Nf4 g6 17. Nxe6 fxe6 18. Qf4 c5 19. h5 cxd4 20.
Rxd4 Rg8 21. Qg5 Qc7 22. Nb5 Qd8 23. Nxa7+ Kb8 24. Nb5 gxh5 25. Qe3 Rxg2 26.
Ra4 Reg7 27. Qa7+ Kc8 28. a3 Nc7 29. Nd6+ Kd7 30. Qxb7 Ke7 31. Ra7 Kf8 32. Qb4
Kg8 33. Qa5 Rd7 34. Rxh5 Qe7 35. Qb6 d4 36. Rb7 Nd5 37. Rb8+ Kg7 38. Qxd4 Rg4
39. Qd2 f4 40. Re8 Rg1+ 41. Ka2 Nb4+ 42. Qxb4 Rb7 1-0

[Event "East Lansing (MI Op/7/4)"]
[Site "?"]
[Date "1993.??.??"]
[Round "?"]
[White "Czuhai, Kevin"]
[Black "Everett, Morgan"]
[Result "1-0"]
[WhiteElo "2235"]
[BlackElo "2155"]
[PlyCount "95"]
[EventDate "1993.??.??"]

{7/(4)} 1. d4 Nf6 2. Nc3 d5 3. Bg5 g6 4. Qd2 Nc6 5. O-O-O h6 6. Bf4 Bf5 7. f3
g5 8. Bg3 Bg7 9. h4 g4 10. h5 Qd7 11. Qf4 O-O-O 12. e4 Be6 13. Bb5 gxf3 14.
gxf3 Ne8 15. Nge2 a6 16. Ba4 Bf6 17. Qe3 Bg7 18. Bb3 Na5 19. Bxd5 Bxd5 20. Nxd5
e6 21. Qc3 exd5 22. Qxa5 dxe4 23. fxe4 Qg4 24. Rhe1 Qg5+ 25. Qxg5 hxg5 26. e5
Rxh5 27. Rh1 Rxh1 28. Rxh1 c6 29. Kd2 Nc7 30. Ke3 Kd7 31. Rh7 Rg8 32. Ke4 Ke6
33. c4 Ne8 34. d5+ cxd5+ 35. cxd5+ Kd7 36. Nd4 g4 37. Nf5 Kd8 38. Nh6 Bxh6 39.
Rxh6 Kd7 40. Kf5 Kd8 41. Rh7 Ke7 42. Bh4+ Kf8 43. d6 Ng7+ 44. Rxg7 Kxg7 45. d7
g3 46. d8=Q Rxd8 47. Bxd8 g2 48. Bb6 1-0

[Event "Trenton (Mar)"]
[Site "?"]
[Date "1993.??.??"]
[Round "?"]
[White "Cutler, C."]
[Black "Woolery, Bob"]
[Result "0-1"]
[WhiteElo "1605"]
[BlackElo "1605"]
[PlyCount "20"]
[EventDate "1993.??.??"]

1. e4 c5 2. Nf3 d6 3. Bc4 Nf6 4. Nc3 e6 5. d4 cxd4 6. Nxd4 Nc6 7. Bg5 Be7 8.
O-O a6 9. a4 O-O 10. Bd3 Nxd4 0-1

[Event "Gaylord (NMO/4/14)"]
[Site "?"]
[Date "1993.??.??"]
[Round "?"]
[White "Cutler, C."]
[Black "Ruelas, Erik"]
[Result "1-0"]
[WhiteElo "1605"]
[BlackElo "1605"]
[PlyCount "31"]
[EventDate "1993.??.??"]

{4/(14)} 1. d4 d5 2. c4 dxc4 3. e4 Nc6 4. Nf3 Bg4 5. Bxc4 e6 6. d5 Ne5 7. Qa4+
Nd7 8. Ne5 exd5 9. Bxd5 c6 10. Bxf7+ Ke7 11. Nxg4 Kxf7 12. O-O Ke8 13. e5 h5
14. e6 Nc5 15. Qf4 hxg4 16. Qf7# 1-0

[Event "Trenton (Mar)"]
[Site "?"]
[Date "1993.??.??"]
[Round "?"]
[White "Cutler, C."]
[Black "McGinniss, M."]
[Result "0-1"]
[WhiteElo "1605"]
[BlackElo "1605"]
[PlyCount "76"]
[EventDate "1993.??.??"]

1. d4 d5 2. c4 c6 3. Nc3 Bf5 4. Qb3 dxc4 5. Qxb7 Nd7 6. e4 Bg6 7. Bxc4 e6 8.
Nf3 Qc8 9. Qa6 Bb4 10. O-O Qxa6 11. Bxa6 Bxc3 12. bxc3 Bxe4 13. Ne5 Nxe5 14.
dxe5 Ne7 15. Ba3 Rd8 16. Rfe1 Bd3 17. Rad1 Bxa6 18. Rxd8+ Kxd8 19. Rd1+ Nd5 20.
Bc5 Kc8 21. Bxa7 Nxc3 22. Rd6 Kc7 23. f3 Nb5 24. Bb6+ Kxb6 25. Rd7 Rf8 26. g4
Nc7 27. f4 Nd5 28. f5 exf5 29. gxf5 Bc8 30. Rd6 Bxf5 31. a4 Ra8 32. Rxd5 cxd5
33. Kf2 Rxa4 34. Ke3 d4+ 35. Kf4 Be6 36. h4 d3+ 37. Kg5 d2 38. h5 Rg4# 0-1

[Event "Gaylord (NMO/1/13)"]
[Site "?"]
[Date "1993.??.??"]
[Round "?"]
[White "Cutler, C."]
[Black "Matias, I.C."]
[Result "0-1"]
[WhiteElo "1605"]
[BlackElo "1820"]
[PlyCount "46"]
[EventDate "1993.??.??"]

{1/(13)} 1. e4 e6 2. Nf3 d5 3. e5 c5 4. d4 Nc6 5. c3 Nge7 6. Bg5 Qc7 7. Bd3 Bd7
8. Na3 a6 9. O-O Ng6 10. c4 cxd4 11. cxd5 exd5 12. Rc1 Bxa3 13. bxa3 O-O 14.
Bf6 gxf6 15. exf6 Qf4 16. Qb3 Qxf6 17. Qxd5 Be6 18. Qh5 Rad8 19. Ng5 Qg7 20. f4
Bd5 21. f5 Nge5 22. Rf4 f6 23. Ne6 Qxg2# 0-1

[Event "East Lansing (MOR/5/32)"]
[Site "?"]
[Date "1993.??.??"]
[Round "?"]
[White "Cunningham, J."]
[Black "Phalen, Michael"]
[Result "0-1"]
[WhiteElo "1605"]
[BlackElo "1605"]
[PlyCount "31"]
[EventDate "1993.??.??"]

{5/(32)} 1. d4 d5 2. c4 Nf6 3. Nc3 dxc4 4. Qa4+ Nc6 5. e3 Bf5 6. Bxc4 a6 7. Qb3
e5 8. Bxf7+ Ke7 9. d5 Na5 10. Qb4+ Kxf7 11. Qxa5 Bd7 12. b3 Qe8 13. Nf3 e4 14.
Ng5+ Kg6 15. Ne6 Bxe6 16. dxe6 {[Remainder illegible; 0-1,67?]} 0-1

[Event "Lansing (MI Am/4)"]
[Site "?"]
[Date "1993.??.??"]
[Round "?"]
[White "Cunningham, J."]
[Black "Nicolli, Randy"]
[Result "0-1"]
[WhiteElo "1605"]
[BlackElo "1695"]
[PlyCount "120"]
[EventDate "1993.??.??"]

1. e4 e5 2. Nf3 Nc6 3. Bc4 Nf6 4. d3 Bc5 5. Bg5 d6 6. h3 Na5 7. Bb3 Nxb3 8.
axb3 Be6 9. c4 h6 10. Bh4 g5 11. Bg3 Nh5 12. Bh2 Nf4 13. Bxf4 exf4 14. Nbd2 Qf6
15. b4 Bb6 16. Qc2 a6 17. c5 Ba7 18. Qa4+ Bd7 19. Qc2 Bb5 20. d4 O-O 21. Nc4
Qg6 22. Nfd2 Rfe8 23. O-O d5 24. Ne5 Rxe5 25. dxe5 Bxf1 26. Rxf1 Re8 27. f3
Rxe5 28. Qc3 Qe6 29. Re1 f5 30. Nb3 fxe4 31. Nd4 Qe7 32. fxe4 dxe4 33. Qc4+ Kf8
34. g4 a5 35. Nf5 Qe6 36. Qxe6 Rxe6 37. Rd1 axb4 38. Rd8+ Kf7 39. Rd7+ Ke8 40.
Rxc7 Re5 41. Nd6+ Kd8 42. Nf7+ Kxc7 43. Nxe5 Bxc5+ 44. Kf1 Bd4 45. Nf7 Bxb2 46.
Nxh6 b3 47. Nf7 Bf6 48. Nxg5 Bxg5 49. h4 Bxh4 50. g5 Bxg5 51. Kg2 b2 52. Kh3
b1=Q 53. Kg4 Qg1+ 54. Kf5 Qg2 55. Ke5 e3 56. Kf5 Kd6 57. Kg6 Ke6 58. Kh7 Bf6
59. Kh6 Qg5+ 60. Kh7 Qg7# 0-1

[Event "Troy (TCC/C/3/3)"]
[Site "?"]
[Date "1993.??.??"]
[Round "?"]
[White "Cunningham, J."]
[Black "McFolley, John"]
[Result "1-0"]
[WhiteElo "1605"]
[BlackElo "1605"]
[PlyCount "55"]
[EventDate "1993.??.??"]

{3/(3)} 1. e4 e5 2. Nf3 Nc6 3. Bc4 Bc5 4. d3 Nf6 5. Nc3 h6 6. h3 d6 7. a3 a5 8.
Bd2 O-O 9. O-O Nh7 10. Re1 Qf6 11. Be3 Qg6 12. Nh4 Qf6 13. Nf3 Bxe3 14. Rxe3
Be6 15. Nd5 Qg6 16. Nh4 Qg5 17. Nf3 Qd8 18. d4 exd4 19. Nxd4 Nxd4 20. Qxd4 c6
21. Nf4 Bxc4 22. Qxc4 Qf6 23. Rf3 Qxb2 24. Rd1 Qf6 25. Nh5 Qe5 26. Rf5 Qe7 27.
Qc3 Qxe4 28. Qxg7# 1-0

[Event "East Lansing (May)"]
[Site "?"]
[Date "1993.??.??"]
[Round "?"]
[White "Cunningham, J."]
[Black "Kim, E."]
[Result "0-1"]
[WhiteElo "1605"]
[BlackElo "1605"]
[PlyCount "60"]
[EventDate "1993.??.??"]

1. e4 e5 2. Nf3 Nc6 3. Bb5 a6 4. Bxc6 dxc6 5. d3 Be7 6. Nxe5 Nf6 7. Nc3 O-O 8.
O-O Re8 9. Bg5 h6 10. Bh4 Bc5 11. Bxf6 Qxf6 12. Nf3 b5 13. a3 Ba7 14. h3 Qg6
15. Kh2 Bb7 16. Qd2 c5 17. Ne2 c4 18. Nf4 Qd6 19. e5 Qd7 20. dxc4 Qxd2 21. Nxd2
Rxe5 22. cxb5 axb5 23. Nd3 Re7 24. Rae1 Rae8 25. Rxe7 Rxe7 26. c3 Re2 27. Nf3
Be4 28. Rd1 Bxd3 29. Rxd3 Rxb2 30. Rd8+ Kh7 0-1

[Event "Troy (TCC/C/2/4)"]
[Site "?"]
[Date "1993.??.??"]
[Round "?"]
[White "Cunningham, J."]
[Black "James, Larry"]
[Result "1-0"]
[WhiteElo "1605"]
[BlackElo "1605"]
[PlyCount "147"]
[EventDate "1993.??.??"]

{2/(4)} 1. e4 c5 2. Nf3 d6 3. Bc4 Nf6 4. Nc3 e5 5. d3 Be7 6. h3 Bd7 7. a4 Nc6
8. Bg5 Na5 9. Bb5 O-O 10. Qd2 Be6 11. Bxf6 Bxf6 12. b3 a6 13. Bc4 Nxc4 14. bxc4
Be7 15. g4 Rb8 16. Nd5 Bxd5 17. cxd5 b5 18. c4 bxa4 19. Ke2 Rb4 20. Qc2 Qb6 21.
Rhb1 Rb3 22. Nd2 Rxb1 23. Nxb1 Qb3 24. Qxb3 axb3 25. Rxa6 Rb8 26. Kd2 Kf8 27.
Kc3 Ke8 28. Kb2 Rb7 29. Nd2 Kd7 30. Nxb3 Bh4 31. f3 Kc7 32. Kc2 Rb6 33. Ra7+
Rb7 34. Rxb7+ Kxb7 35. Na5+ Kc7 36. Kd2 Kd7 37. Nc6 g6 38. Ke2 Ke8 39. Kf1 Kf8
40. Na5 Kg7 41. Kg2 h5 42. Nb7 Be7 43. gxh5 gxh5 44. Kg3 Kg6 45. f4 exf4+ 46.
Kxf4 Kf6 47. Na5 Bf8 48. Nb3 Bh6+ 49. Kg3 Kg6 50. d4 cxd4 51. Nxd4 Bg7 52. Nf5
Be5+ 53. Kf3 Kf6 54. h4 Kg6 55. Ke2 Kh7 56. Kd1 Kg8 57. Kc2 Kf8 58. Kb3 Ke8 59.
Kb4 Kd8 60. c5 dxc5+ 61. Kxc5 Kc7 62. Nh6 Bd6+ 63. Kc4 Be7 64. Nf5 Bf6 65. Kc5
Kd7 66. Kb6 Bd8+ 67. Kc5 Bf6 68. Kc4 Be5 69. Kd3 Kd8 70. Ke2 Kd7 71. Kf3 Ke8
72. Ng3 Bxg3 73. Kxg3 Ke7 74. Kf4 1-0

[Event "East Lansing (MOR/2/39)"]
[Site "?"]
[Date "1993.??.??"]
[Round "?"]
[White "Cunningham, J."]
[Black "Holland, K."]
[Result "1-0"]
[WhiteElo "1605"]
[BlackElo "1605"]
[PlyCount "81"]
[EventDate "1993.??.??"]

{2/(39)} 1. e4 c5 2. Nf3 Nc6 3. Bc4 Nf6 4. Nc3 e6 5. d3 a6 6. a4 Qa5 7. O-O b5
8. Bb3 Nd4 9. Nxd4 cxd4 10. Ne2 e5 11. Bd2 b4 12. f4 d6 13. Rc1 Bd7 14. c3 bxc3
15. bxc3 dxc3 16. Rxc3 Qb6+ 17. Kh1 Rb8 18. a5 Qb7 19. Qc2 d5 20. fxe5 Ng4 21.
Bxd5 Qb2 22. Bxf7+ Kd8 23. d4 Qxc2 24. Rxc2 Bb5 25. Bc4 Rc8 26. Bg5+ Be7 27.
Bxe7+ Kxe7 28. Rf7+ Ke8 29. Rxg7 Bxc4 30. Rxg4 Be6 31. Rxc8+ Bxc8 32. Rg7 Kf8
33. Ra7 Bg4 34. Ra8+ Kg7 35. Rxh8 Kxh8 36. Nf4 Kg7 37. d5 Bd1 38. Ne6+ Kf7 39.
Kg1 Bc2 40. Kf2 Bxe4 41. Ng5+ 1-0

[Event "Lansing (MI Am/5)"]
[Site "?"]
[Date "1993.??.??"]
[Round "?"]
[White "Cunningham, J."]
[Black "Golingai, P."]
[Result "0-1"]
[WhiteElo "1605"]
[BlackElo "1630"]
[PlyCount "58"]
[EventDate "1993.??.??"]

1. e4 e6 2. Bc4 d5 3. exd5 exd5 4. Bb3 Nf6 5. d3 Bd6 6. Nf3 O-O 7. O-O Nc6 8.
a4 Bg4 9. Bg5 Nd4 10. Bxd5 Bxh2+ 11. Kxh2 Qxd5 12. Bxf6 Qh5+ 13. Kg3 gxf6 14.
Rh1 Qg6 15. Kh2 Bxf3 16. gxf3 Kh8 17. Rg1 Qh5+ 18. Kg2 Rg8+ 19. Kf1 Qh3+ 20.
Ke1 Rxg1+ 21. Kd2 Qh6+ 22. Kc3 Rxd1 23. Kxd4 Rd8+ 24. Kc3 Qf4 25. Kb3 c5 26.
Ka2 Qxa4+ 27. Na3 Rxa1+ 28. Kxa1 Re8 29. Ka2 Re2 0-1

[Event "Gaylord (NMO/1/12)"]
[Site "?"]
[Date "1993.??.??"]
[Round "?"]
[White "Croel, Duane"]
[Black "Uhl, W."]
[Result "1-0"]
[WhiteElo "1820"]
[BlackElo "1605"]
[PlyCount "85"]
[EventDate "1993.??.??"]

{1/(12)} 1. d4 d5 2. c4 c6 3. Nc3 Nf6 4. cxd5 cxd5 5. Nf3 Nc6 6. Bf4 Bf5 7. e3
a6 8. Bd3 Bxd3 9. Qxd3 e6 10. O-O Be7 11. Rac1 O-O 12. Ne5 Rc8 13. h3 Nb4 14.
Qe2 Ne4 15. f3 Nxc3 16. bxc3 Nc6 17. c4 Nxe5 18. Bxe5 f6 19. Bh2 dxc4 20. Rxc4
Rxc4 21. Qxc4 Qd5 22. Qxd5 exd5 23. Rc1 Re8 24. e4 dxe4 25. fxe4 Ba3 26. Re1
Bb2 27. d5 f5 28. e5 Bd4+ 29. Kf1 g5 30. e6 f4 31. d6 Bc5 32. d7 Rd8 33. Bg1
Be7 34. Bb6 Rf8 35. Rd1 f3 36. d8=Q fxg2+ 37. Kxg2 Bxd8 38. Rxd8 Rxd8 39. Bxd8
Kf8 40. Kf3 h6 41. Kg4 Ke8 42. Bf6 a5 43. a4 1-0

[Event "Gaylord (NMO/4/9)"]
[Site "?"]
[Date "1993.??.??"]
[Round "?"]
[White "Croel, Duane"]
[Black "Morian, William"]
[Result "1-0"]
[WhiteElo "1820"]
[BlackElo "1605"]
[PlyCount "69"]
[EventDate "1993.??.??"]

{4/(9)} 1. e4 e5 2. Bc4 Bc5 3. d3 Nf6 4. Nc3 c6 5. Bb3 a5 6. a3 O-O 7. Nf3 Re8
8. Bg5 h6 9. Bh4 d6 10. O-O Bg4 11. h3 Bxf3 12. Qxf3 Nbd7 13. Kh1 b5 14. Qe2 g5
15. Bg3 Qe7 16. Nd1 b4 17. Ne3 bxa3 18. Nf5 Qf8 19. bxa3 d5 20. Bh2 Bxa3 21.
Nxh6+ Qxh6 22. Rxa3 dxe4 23. dxe4 Qh5 24. Qxh5 Nxh5 25. Rfa1 Nc5 26. Rxa5 Rxa5
27. Rxa5 Nxe4 28. Ra7 Nd6 29. Rd7 Ne4 30. Bxf7+ Kf8 31. Bxh5 Nxf2+ 32. Kg1 Ne4
33. Bxe8 Kxe8 34. Rc7 Nd2 35. Bxe5 1-0

[Event "Gaylord (NMO/3/1)"]
[Site "?"]
[Date "1993.??.??"]
[Round "?"]
[White "Croel, Duane"]
[Black "Jirjis, Faris"]
[Result "0-1"]
[WhiteElo "1820"]
[BlackElo "2145"]
[PlyCount "112"]
[EventDate "1993.??.??"]

{3/(1)} 1. e4 e5 2. Bc4 Nf6 3. d3 Nc6 4. Nc3 Bb4 5. Nge2 d6 6. Bg5 h6 7. Bh4 g5
8. Bg3 Be6 9. Bxe6 fxe6 10. a3 Bc5 11. Na4 Bb6 12. Nxb6 axb6 13. h3 Ne7 14. Qd2
Qd7 15. Nc3 Nc6 16. h4 g4 17. Bh2 Qe7 18. O-O-O Nd4 19. Ne2 c5 20. Nxd4 cxd4
21. Qb4 Qc7 22. Qb3 Ke7 23. f4 exf4 24. Bxf4 e5 25. Bd2 Raf8 26. Rhf1 Nd7 27.
Rxf8 Nxf8 28. Rf1 Ne6 29. Bb4 Rf8 30. Rxf8 Nxf8 31. Qd5 Nd7 32. Qg8 Nc5 33.
Bxc5 bxc5 34. Qxg4 Qa5 35. Qe2 Qd8 36. Qg4 Qf8 37. Qf5 Qxf5 38. exf5 h5 39. Kd2
Kf6 40. Ke2 Kxf5 41. Kf3 d5 42. c3 e4+ 43. Ke2 exd3+ 44. Kxd3 dxc3 45. bxc3 Kg4
46. Ke3 Kg3 47. a4 b6 48. Kd3 Kxg2 49. c4 d4 50. Ke4 Kg3 51. Kd5 d3 52. Kc6 d2
53. Kxb6 d1=Q 54. a5 Qd6+ 55. Kb7 Qd7+ 56. Kb6 Qc8 0-1

[Event "Ann Arbor (HVA/1/11)"]
[Site "?"]
[Date "1993.??.??"]
[Round "?"]
[White "Croel, Duane"]
[Black "Jagodzinski, J."]
[Result "1-0"]
[WhiteElo "1820"]
[BlackElo "1605"]
[PlyCount "53"]
[EventDate "1993.??.??"]

{1/(11)} 1. d4 d5 2. c4 dxc4 3. e4 Nc6 4. d5 Ne5 5. f4 Bg4 6. Qa4+ b5 7. Qxb5+
c6 8. dxc6 Qd1+ 9. Kf2 Nd3+ 10. Bxd3 cxd3 11. Nd2 Qc2 12. Ngf3 Rc8 13. Nd4 Nf6
14. Nxc2 dxc2 15. e5 Nh5 16. Ne4 g6 17. Nc5 Rc7 18. Bd2 Bh6 19. h3 Bxh3 20.
gxh3 O-O 21. Rac1 Bxf4 22. Bxf4 Nxf4 23. Rxc2 Ne6 24. Nxe6 fxe6+ 25. Ke1 Rd8
26. Qb3 Rd5 27. Qb8+ 1-0

[Event "Ann Arbor (HVA/3/8)"]
[Site "?"]
[Date "1993.??.??"]
[Round "?"]
[White "Croel, Duane"]
[Black "Brotherton, D."]
[Result "1-0"]
[WhiteElo "1820"]
[BlackElo "1605"]
[PlyCount "95"]
[EventDate "1993.??.??"]

{3/(8)} 1. e4 c6 2. d4 d5 3. exd5 cxd5 4. Bd3 Nf6 5. Bf4 Nc6 6. c3 Bg4 7. Qb3
Qb6 8. Qxb6 axb6 9. Bc7 Nd7 10. Na3 e6 11. Nb5 Be7 12. Ne2 O-O 13. O-O Bd8 14.
Bg3 Be7 15. f4 f5 16. a3 Rac8 17. Rae1 Nf6 18. Bh4 Ne4 19. Bxe7 Nxe7 20. h3
Bxe2 21. Rxe2 Rf6 22. Rfe1 Ng6 23. Bxe4 fxe4 24. g3 Ne7 25. Rc1 Nf5 26. Kh2 h5
27. Rg1 Rg6 28. g4 Nh4 29. Kg3 Nf3 30. Rd1 h4+ 31. Kf2 Kf8 32. Nd6 Rb8 33. Nxe4
dxe4 34. Rxe4 Nh2 35. g5 Ke7 36. Kg2 Ng4 37. hxg4 Rf8 38. Kh3 Rh8 39. Rde1 Kd7
40. c4 Kd6 41. b4 Rh7 42. Re5 Rh8 43. c5+ bxc5 44. dxc5+ Kd7 45. Rd1+ Kc7 46.
Rd6 Rf8 47. f5 exf5 48. Rxg6 1-0